[Event "Varna op 7th"]
[Site "Varna"]
[Date "2013.06.26"]
[Round "8"]
[White "Gurvich, Vitaly"]
[Black "Borzov, Dmitri"]
[Result "1-0"]
[WhiteElo "1935"]
[BlackElo "2133"]
[PlyCount "56"]
[EventDate "2013.06.19"]
[EventType "swiss"]
[EventRounds "9"]
[EventCountry "BUL"]
[SourceTitle "CBM 155 Extra"]
[Source "ChessBase"]
[SourceDate "2013.08.26"]
[SourceVersion "1"]
[SourceVersionDate "2013.08.26"]
[SourceQuality "1"]

1. d4 g6 2. c4 Bg7 3. e4 c5 4. d5 d6 5. Nf3 Nf6 6. Nc3 0-0 7. Be2 e5 8. dxe6 Bxe6 9. 0-0 Nc6 10. Bg5 h6 11. Bh4 Re8 12. Bg3 Qb6 13. Rb1 Rad8 14. Nd5 Bxd5 15. exd5 Nd4 16. Nxd4 cxd4 17. Bd3 Ne4 18. Bf4 Re7 19. Qc2 Rde8 20. Rfc1 a5 21. a3 Nc5 22. b4 Nxd3 23. Qxd3 axb4 24. axb4 Qa6 25. Ra1 Qb6 26. c5 Qxb4 27. Bd2 Qxc5 28. Rxc5 dxc5 1-0

[Event "Varna op 7th"]
[Site "Varna"]
[Date "2013.06.21"]
[Round "3"]
[White "Dimitrov, Radoslav"]
[Black "Borzov, Dmitri"]
[Result "1-0"]
[WhiteElo "2429"]
[BlackElo "2133"]
[PlyCount "91"]
[EventDate "2013.06.19"]
[EventType "swiss"]
[EventRounds "9"]
[EventCountry "BUL"]
[SourceTitle "CBM 155 Extra"]
[Source "ChessBase"]
[SourceDate "2013.08.26"]
[SourceVersion "1"]
[SourceVersionDate "2013.08.26"]
[SourceQuality "1"]

1. c4 g6 2. Nc3 Bg7 3. g3 e5 4. Bg2 d6 5. e4 Nf6 6. Nge2 0-0 7. 0-0 c6 8. d3 a6 9. a4 a5 10. h3 Na6 11. Be3 Re8 12. Qd2 Nc5 13. Rad1 Qc7 14. f4 exf4 15. gxf4 Qe7 16. Ng3 Nfd7 17. Rde1 Nb6 18. Qc2 Qh4 19. Kh2 Nbd7 20. d4 Ne6 21. Qd1 c5 22. d5 Nd4 23. Bxd4 cxd4 24. Nb5 Nf6 25. Nxd6 Ng4+ 26. Kg1 Ne3 27. Rxe3 dxe3 28. Nxe8 Bxh3 29. Nxg7 Qxg3 30. Qf3 Qxg2+ 31. Qxg2 Bxg2 32. Kxg2 Kxg7 33. Kf3 Rc8 34. Rc1 b6 35. Kxe3 Kf6 36. Kd4 Rc5 37. Rb1 Ke7 38. b4 axb4 39. Rxb4 Ra5 40. Rxb6 Rxa4 41. Rb7+ Ke8 42. d6 h5 43. Kd5 h4 44. c5 Ra5 45. Rb8+ Kd7 46. Rf8 1-0

[Event "Yuzhny op"]
[Site "Yuzhny"]
[Date "2011.09.07"]
[Round "8"]
[White "Ledakov, Alexandr"]
[Black "Borzov, Dmitri"]
[Result "1/2-1/2"]
[WhiteElo "2233"]
[BlackElo "2146"]
[PlyCount "77"]
[EventDate "2011.09.03"]
[EventType "swiss"]
[EventRounds "9"]
[EventCountry "UKR"]
[SourceTitle "CBM 144 Extra"]
[Source "ChessBase"]
[SourceDate "2011.10.28"]
[SourceVersion "1"]
[SourceVersionDate "2011.10.28"]
[SourceQuality "1"]

1. d4 g6 2. Nf3 Bg7 3. e4 d6 4. Nc3 Nf6 5. Be2 0-0 6. 0-0 Bg4 7. Be3 Nc6 8. d5 Bxf3 9. Bxf3 Ne5 10. Be2 c6 11. f4 Ned7 12. Qd2 cxd5 13. exd5 Qa5 14. Rab1 Rfc8 15. Rfd1 a6 16. Bd4 b5 17. a3 Qc7 18. Bf3 Nb6 19. Re1 Nc4 20. Qe2 Re8 21. Na2 a5 22. Nc3 Rab8 23. Na2 Nd7 24. Bxg7 Kxg7 25. Nc1 Nf6 26. Rd1 Qc5+ 27. Qf2 Rbc8 28. Nb3 Qxf2+ 29. Kxf2 Nb6 30. Rd2 a4 31. Na5 Nc4 32. Nxc4 Rxc4 33. g3 Rec8 34. c3 Ne4+ 35. Bxe4 Rxe4 36. Kf3 f5 37. Rbd1 Kf6 38. h4 h6 39. Rd4 1/2-1/2

[Event "Zaporozhye Ermak Cup 7th"]
[Site "Zaporozhye"]
[Date "2011.06.29"]
[Round "6"]
[White "Borzov, Dmitri"]
[Black "Boldysh, Maxim"]
[Result "0-1"]
[WhiteElo "2151"]
[BlackElo "1993"]
[PlyCount "84"]
[EventDate "2011.06.25"]
[EventType "swiss"]
[EventRounds "9"]
[EventCountry "UKR"]
[SourceTitle "CBM 143 Extra"]
[Source "ChessBase"]
[SourceDate "2011.08.29"]
[SourceVersion "1"]
[SourceVersionDate "2011.08.29"]
[SourceQuality "1"]

1. d4 Nf6 2. c4 e6 3. Nc3 Bb4 4. Qc2 0-0 5. e4 c5 6. e5 cxd4 7. exf6 dxc3 8. bxc3 Qxf6 9. Bd2 Bc5 10. Nf3 h6 11. Bd3 Nc6 12. 0-0 b6 13. Rae1 Bb7 14. Bh7+ Kh8 15. Be4 Rac8 16. Qd3 d6 17. Qe2 Rc7 18. Bc2 Ne7 19. Qd3 Ng6 20. Nd4 Bxd4 21. Qxd4 Qxd4 22. cxd4 Nh4 23. Be4 Bxe4 24. Rxe4 Ng6 25. f4 Rxc4 26. f5 d5 27. Rg4 h5 28. Rg5 exf5 29. Rgxf5 Rxd4 30. Bc3 Rc4 31. Bb2 Rc2 32. Ba3 Re8 33. Rxd5 Ree2 34. Rxh5+ Kg8 35. Rg5 Nh4 36. Bd6 Rxg2+ 37. Rxg2 Rxg2+ 38. Kh1 Rxa2 39. Bg3 Ng6 40. h4 Ne7 41. Be5 Ra5 42. Bc3 Rh5 0-1

[Event "Zaporozhye Ermak Cup 7th"]
[Site "Zaporozhye"]
[Date "2011.06.28"]
[Round "5"]
[White "Kovtun, Sergei"]
[Black "Borzov, Dmitri"]
[Result "0-1"]
[WhiteElo "2274"]
[BlackElo "2151"]
[PlyCount "86"]
[EventDate "2011.06.25"]
[EventType "swiss"]
[EventRounds "9"]
[EventCountry "UKR"]
[SourceTitle "CBM 143 Extra"]
[Source "ChessBase"]
[SourceDate "2011.08.29"]
[SourceVersion "1"]
[SourceVersionDate "2011.08.29"]
[SourceQuality "1"]

1. e4 d6 2. d4 Nf6 3. Nc3 g6 4. f3 Bg7 5. Be3 c6 6. Qd2 b5 7. Nge2 Nbd7 8. a4 b4 9. Nd1 a5 10. b3 Qc7 11. Nb2 0-0 12. 0-0-0 c5 13. Kb1 d5 14. dxc5 dxe4 15. Nd4 Nxc5 16. Nb5 Qc6 17. Nc4 Nfd7 18. Bd4 e5 19. Bb2 Bb7 20. Ncd6 exf3 21. Nxb7 Qxb7 22. gxf3 Rad8 23. Bc4 Qxf3 24. Rhf1 Qh3 25. Nd6 Nf6 26. Qe2 Ncd7 27. Rf3 Qg4 28. h3 Qh4 29. Nxf7 Rxf7 30. Bxe5 Rdf8 31. Rdf1 Nxe5 32. Qxe5 Kh8 33. Bxf7 Rxf7 34. Qxa5 Re7 35. Qb6 Re1+ 36. Ka2 Rxf1 37. Rxf1 h5 38. Qe6 Kh7 39. Qc4 Qxh3 40. Rf4 Nd5 41. Rf1 Nc3+ 42. Kb2 Nxa4+ 43. Ka2 Qc3 0-1

[Event "UKR-ch sf"]
[Site "Alushta"]
[Date "2011.05.05"]
[Round "3"]
[White "Kotliar, Alexey"]
[Black "Borzov, Dmitri"]
[Result "1-0"]
[WhiteElo "1930"]
[BlackElo "2151"]
[PlyCount "73"]
[EventDate "2011.05.03"]
[EventType "swiss"]
[EventRounds "9"]
[EventCountry "UKR"]
[SourceTitle "CBM 142 Extra"]
[Source "ChessBase"]
[SourceDate "2011.06.27"]
[SourceVersion "1"]
[SourceVersionDate "2011.06.27"]
[SourceQuality "1"]

1. d4 g6 2. c4 Bg7 3. e4 d6 4. Nc3 Nf6 5. f3 0-0 6. Bd3 Nc6 7. Be3 e5 8. d5 Nd4 9. Nge2 Nh5 10. Bb1 Nxe2 11. Nxe2 f5 12. Qd2 c5 13. Bd3 a6 14. 0-0-0 b5 15. Nc3 bxc4 16. Bxc4 Kh8 17. Bd3 Bd7 18. exf5 gxf5 19. Rdg1 Qa5 20. Bh6 Nf4 21. Bxg7+ Kxg7 22. Bb1 Rab8 23. g3 Ng6 24. h4 Kh8 25. Rg2 Qd8 26. h5 Ne7 27. g4 Rb4 28. Qh6 Nc8 29. gxf5 Rf7 30. Rhg1 Qf8 31. Rg8+ Qxg8 32. Rxg8+ Kxg8 33. Ne4 Rc4+ 34. Kd2 Bxf5 35. Nf6+ Rxf6 36. Qxf6 Bxb1 37. h6 1-0

[Event "Kiev Spring op"]
[Site "Kiev"]
[Date "2011.03.23"]
[Round "6.13"]
[White "Anatskiy, Alexey"]
[Black "Borzov, Dmitri"]
[Result "0-1"]
[WhiteElo "2003"]
[BlackElo "2166"]
[PlyCount "78"]
[EventDate "2011.03.19"]
[EventType "swiss"]
[EventRounds "9"]
[EventCountry "UKR"]
[SourceTitle "EXT 2012"]
[Source "ChessBase"]
[SourceDate "2011.11.24"]
[SourceVersion "1"]
[SourceVersionDate "2011.11.24"]
[SourceQuality "1"]

1. d4 g6 2. c3 Bg7 3. g3 d6 4. Bg2 Nf6 5. e3 0-0 6. Ne2 c6 7. 0-0 Qc7 8. Nd2 e5 9. b3 Re8 10. Bb2 e4 11. c4 Bf5 12. Rc1 h5 13. Qc2 Na6 14. a3 Re7 15. Nc3 Rae8 16. b4 Qd7 17. Rfe1 Nc7 18. a4 d5 19. b5 Bh3 20. bxc6 bxc6 21. Bh1 Qf5 22. cxd5 cxd5 23. Ba3 Rd7 24. Nd1 Ne6 25. f4 Ng4 26. Nb3 Rb7 27. Bc5 g5 28. Bg2 Bxg2 29. Kxg2 gxf4 30. h3 Nxe3+ 31. Nxe3 fxe3 32. Rxe3 Qg5 33. Rce1 Rc7 34. Qf2 f5 35. Kh2 Nxc5 36. dxc5 d4 37. R3e2 d3 38. Re3 Rb8 39. Qa2 Kh8 0-1

[Event "Yuzhny op"]
[Site "Yuzhny"]
[Date "2010.09.08"]
[Round "3"]
[White "Nelyubin, Sergey"]
[Black "Borzov, Dmitri"]
[Result "0-1"]
[WhiteElo "1949"]
[BlackElo "2182"]
[PlyCount "107"]
[EventDate "2010.09.07"]
[EventType "swiss"]
[EventRounds "9"]
[EventCountry "UKR"]
[SourceTitle "CBM 138 Extra"]
[Source "ChessBase"]
[SourceDate "2010.10.29"]
[SourceVersion "1"]
[SourceVersionDate "2010.10.29"]
[SourceQuality "1"]

1. c4 g6 2. Nc3 Bg7 3. g3 d6 4. Bg2 Nf6 5. e3 0-0 6. Nge2 e5 7. 0-0 Nc6 8. h3 Be6 9. d3 d5 10. b3 Qd7 11. Kh2 Rad8 12. Ba3 Rfe8 13. e4 dxc4 14. dxc4 Nd4 15. Nxd4 exd4 16. Nd5 c6 17. Nf4 Qc7 18. Nd3 h5 19. e5 Nd7 20. Bd6 Qc8 21. c5 Bf5 22. f4 Nf8 23. Nf2 f6 24. g4 hxg4 25. hxg4 Bd7 26. exf6 Bxf6 27. Ne4 Bg7 28. g5 Bf5 29. Qd3 Qe6 30. Rae1 Qf7 31. Bh3 Ne6 32. Bxf5 Qxf5 33. Qc4 Kf7 34. Ng3 Qd5 35. Qxd5 cxd5 36. Kg2 b6 37. b4 bxc5 38. bxc5 Rc8 39. f5 Nxg5 40. fxg6+ Kxg6 41. Rxe8 Rxe8 42. c6 Ne4 43. Bf4 Nc3 44. c7 Rc8 45. Rf2 Bf6 46. Rb2 Na4 47. Rb8 Nb6 48. a4 d3 49. a5 Rxc7 50. axb6 axb6 51. Rxb6 Rc2+ 52. Kf3 Kf7 53. Nf1 Bd4 54. Nh2 0-1

[Event "UKR-ch"]
[Site "Alushta"]
[Date "2009.05.13"]
[Round "3"]
[White "Borzov, Dmitri"]
[Black "Kovalenko, Igor"]
[Result "0-1"]
[WhiteElo "2209"]
[BlackElo "2449"]
[PlyCount "88"]
[EventDate "2009.05.11"]
[EventType "swiss"]
[EventRounds "9"]
[EventCountry "UKR"]
[SourceTitle "CBM 130 Extra"]
[Source "ChessBase"]
[SourceDate "2009.07.02"]
[SourceVersion "2"]
[SourceVersionDate "2009.07.15"]
[SourceQuality "1"]

1. d4 f5 2. Nf3 Nf6 3. g3 g6 4. Bg2 Bg7 5. c4 0-0 6. 0-0 d6 7. Nc3 Nc6 8. d5 Na5 9. Nd2 c5 10. Qc2 e5 11. dxe6 Bxe6 12. Nd5 Bxd5 13. cxd5 b5 14. e3 Rc8 15. Nb1 Qd7 16. Nc3 b4 17. Ne2 g5 18. a3 b3 19. Qd1 Ne4 20. f3 Nf6 21. e4 fxe4 22. Bxg5 exf3 23. Bxf3 Ng4 24. Nc3 Ne5 25. Bg2 Rxf1+ 26. Qxf1 Rf8 27. Qd1 Qg4 28. Be7 Qxd1+ 29. Rxd1 Re8 30. Bxd6 Nec4 31. Bxc5 Nxb2 32. Rf1 Bxc3 33. d6 Rd8 34. Bd5+ Kg7 35. Rf7+ Kg6 36. Rxa7 Rxd6 37. Be4+ Kf6 38. Bxd6 Bd4+ 39. Kg2 Bxa7 40. Bxh7 Nbc4 41. Bb4 Nc6 42. Bc3+ Bd4 43. Be1 b2 44. a4 Ne3+ 0-1

[Event "Kiev Independence Cup-A 8th"]
[Site "Kiev"]
[Date "2008.08.18"]
[Round "6"]
[White "Tkachev, Taras"]
[Black "Borzov, Dmitri"]
[Result "1/2-1/2"]
[WhiteElo "1991"]
[BlackElo "2215"]
[PlyCount "139"]
[EventDate "2008.08.13"]
[EventType "swiss"]
[EventRounds "11"]
[EventCountry "UKR"]
[SourceTitle "CBM 126 Extra"]
[Source "ChessBase"]
[SourceDate "2008.11.05"]
[SourceVersion "1"]
[SourceVersionDate "2008.11.05"]
[SourceQuality "1"]

1. d4 Nf6 2. c4 g6 3. Nc3 Bg7 4. e4 d6 5. f3 0-0 6. Be3 Nc6 7. Bd3 e5 8. d5 Nd4 9. Nge2 Nd7 10. Qd2 c5 11. dxc6 bxc6 12. 0-0 Nc5 13. b4 Nce6 14. Rab1 f5 15. f4 Bb7 16. a3 Nxe2+ 17. Nxe2 fxe4 18. Bxe4 d5 19. cxd5 cxd5 20. Bf3 e4 21. Bg4 Qe7 22. Bxe6+ Qxe6 23. Nd4 Qd7 24. Rfc1 Rfc8 25. Rb3 Rc4 26. Rbc3 Rac8 27. R1c2 Qa4 28. Kf2 a6 29. g3 Qd7 30. Kg2 R8c7 31. Kf2 Qc8 32. Rxc4 dxc4 33. Qc1 Bd5 34. Rc3 Qh3 35. Kg1 Rd7 36. Rc2 Bf7 37. Rd2 Rd6 38. Ne2 Rd3 39. Rc2 Qd7 40. Rd2 Rxd2 41. Qxd2 Qd3 42. Kf2 c3 43. Qe1 Bc4 44. a4 c2 45. a5 Bb2 46. Nc1 Qd1 47. h3 Be6 48. g4 Qf3+ 49. Kg1 Qxh3 50. g5 Qg4+ 51. Kf1 Qf3+ 52. Kg1 Bh3 53. Qd2 Qd1+ 54. Kf2 Bxc1 55. Qxc1 Qf3+ 56. Ke1 Bg4 57. Kd2 Qd1+ 58. Kc3 Qd3+ 59. Kb2 Be6 60. Qe1 Qb3+ 61. Kc1 Qb1+ 62. Kd2 Qxb4+ 63. Ke2 Bc4+ 64. Kf2 Qb1 65. Bc1 Bd3 66. Qe3 Qb7 67. Qd4 Qg7 68. Qd8+ Qf8 69. Qd5+ Qf7 70. Qd8+ 1/2-1/2

[Event "Kiev Independence Cup-A 8th"]
[Site "Kiev"]
[Date "2008.08.16"]
[Round "4"]
[White "Borzov, Dmitri"]
[Black "Dolzhikova, Kateryna"]
[Result "1/2-1/2"]
[WhiteElo "2215"]
[BlackElo "2339"]
[PlyCount "97"]
[EventDate "2008.08.13"]
[EventType "swiss"]
[EventRounds "11"]
[EventCountry "UKR"]
[SourceTitle "CBM 126 Extra"]
[Source "ChessBase"]
[SourceDate "2008.11.05"]
[SourceVersion "1"]
[SourceVersionDate "2008.11.05"]
[SourceQuality "1"]

1. d4 d5 2. c4 c6 3. Nf3 Nf6 4. Nc3 e6 5. Bg5 h6 6. Bxf6 Qxf6 7. e3 Nd7 8. Bd3 dxc4 9. Bxc4 g6 10. 0-0 Bg7 11. Rc1 0-0 12. b4 Rd8 13. Qb3 b6 14. e4 b5 15. Be2 Qe7 16. e5 f6 17. exf6 Nxf6 18. Ne5 Rd6 19. Bf3 Bb7 20. Nxg6 Qe8 21. Ne5 Rxd4 22. Nxb5 cxb5 23. Bxb7 Rad8 24. Bf3 Ne4 25. Bxe4 Bxe5 26. Rfe1 Kh8 27. g3 Rd2 28. Qe3 Qf8 29. Rc2 Rxc2 30. Bxc2 Bd4 31. Qe2 e5 32. a3 Qf6 33. Rf1 Rf8 34. Kg2 a6 35. Qe4 Rf7 36. Bb3 Rf8 37. Bc2 Rf7 38. h4 Qb6 39. Bb3 Rf8 40. Bc2 Rf7 41. Qa8+ Kg7 42. Qe4 Qb7 43. Qxb7 Rxb7 44. Rd1 Rc7 45. Be4 Rc3 46. Rd3 Rxd3 47. Bxd3 Bb2 48. Be4 Bxa3 49. Bb7 1/2-1/2

[Event "UKR-ch sf"]
[Site "Alushta"]
[Date "2008.05.11"]
[Round "1"]
[White "Tukhaev, Adam"]
[Black "Borzov, Dmitri"]
[Result "1-0"]
[WhiteElo "2512"]
[BlackElo "2200"]
[PlyCount "123"]
[EventDate "2008.05.10"]
[EventType "swiss"]
[EventRounds "9"]
[EventCountry "UKR"]
[SourceTitle "CBM 124 Extra"]
[Source "ChessBase"]
[SourceDate "2008.07.03"]
[SourceVersion "1"]
[SourceVersionDate "2008.07.03"]
[SourceQuality "1"]

1. e4 d6 2. d4 Nf6 3. Nc3 g6 4. Be3 Bg7 5. Qd2 c6 6. Nf3 b5 7. Bd3 Qc7 8. h3 Nbd7 9. 0-0 0-0 10. Ne2 e5 11. dxe5 dxe5 12. Ng3 Re8 13. a4 bxa4 14. Rxa4 Bf8 15. Qc3 a5 16. b3 Bb4 17. Qa1 Bb7 18. Nd2 Nc5 19. Bxc5 Bxc5 20. Nc4 Bd4 21. Qe1 Bb6 22. Nxb6 Qxb6 23. Qc3 Nd7 24. Rfa1 Nc5 25. Rxa5 Nxd3 26. cxd3 f6 27. Rxa8 Rxa8 28. Qc4+ Kg7 29. Rxa8 Bxa8 30. Qe6 Qc7 31. b4 Bb7 32. Nf1 Ba6 33. Ne3 Bc8 34. Qc4 Qb6 35. g4 h6 36. h4 Bd7 37. h5 gxh5 38. gxh5 Qd8 39. Qc5 Qe8 40. Qd6 Qf7 41. d4 exd4 42. Qxd4 Kf8 43. Qd6+ Qe7 44. Qb8+ Be8 45. Ng4 f5 46. exf5 Qg5 47. Qd6+ Kg8 48. f3 Bxh5 49. Qxh6 Qxh6 50. Nxh6+ Kg7 51. Ng4 Kf7 52. Kf2 Ke7 53. Ke3 Kd6 54. Kd4 Bf7 55. Nf6 Bb3 56. Ne4+ Ke7 57. Ke5 Bd1 58. f6+ Kf7 59. Ng5+ Kf8 60. Kd6 Ba4 61. f7 Bb5 62. Ke6 1-0